George von Lengerke Meyer papers, (Record no. 39964)

MARC details
000 -LEADER
fixed length control field 02885cpcaa2200577 4500
001 - CONTROL NUMBER
control field mm 78032789
003 - CONTROL NUMBER IDENTIFIER
control field DLC
005 - DATE AND TIME OF LATEST TRANSACTION
control field 20260227111625.0
007 - PHYSICAL DESCRIPTION FIXED FIELD--GENERAL INFORMATION
fixed length control field cr |||||||||||
008 - FIXED-LENGTH DATA ELEMENTS--GENERAL INFORMATION
fixed length control field 780817|||||||||||| eng
010 ## - LIBRARY OF CONGRESS CONTROL NUMBER
LC control number mm 78032789
NUCMC control number ms 65000917
040 ## - CATALOGING SOURCE
Original cataloging agency DLC
Description conventions dacs
Transcribing agency DLC
Modifying agency DLC
072 #7 - SUBJECT CATEGORY CODE
Subject category code R
Source lcmd
100 1# - MAIN ENTRY--PERSONAL NAME
Personal name Meyer, George von Lengerke,
Dates associated with a name 1858-1918.
245 00 - TITLE STATEMENT
Title George von Lengerke Meyer papers,
Inclusive dates 1900-1917.
300 ## - PHYSICAL DESCRIPTION
Extent 50
Type of unit items.
300 ## - PHYSICAL DESCRIPTION
Extent 4
Type of unit containers.
300 ## - PHYSICAL DESCRIPTION
Extent 1.6
Type of unit linear feet.
506 0# - RESTRICTIONS ON ACCESS NOTE
Terms governing access Open to research.
520 8# - SUMMARY, ETC.
Summary, etc. Family correspondence, diaries, scrapbook, photographs, and other papers relating chiefly to Meyer's service as ambassador to Italy and Russia and as U.S. postmaster general, social affairs, and Meyer (Myers) family life. Subjects include national and international events, negotiations leading to peace after the Russo-Japanese War, summaries of cabinet meetings, and the Republican Party. Individuals represented include J.J. Jusserand, Henry Cabot Lodge, Elihu Root, and Theodore Roosevelt.
545 0# - BIOGRAPHICAL OR HISTORICAL DATA
Biographical or historical data U.S. postmaster general, U.S. secretary of the navy, and ambassador to Italy and Russia.
546 ## - LANGUAGE NOTE
Language note Collection material in English.
555 8# - CUMULATIVE INDEX/FINDING AIDS NOTE
Cumulative index/finding aids note Finding aid available in the Library of Congress Manuscript Reading Room and at
Uniform Resource Identifier <a href="http://hdl.loc.gov/loc.mss/eadmss.ms013001">http://hdl.loc.gov/loc.mss/eadmss.ms013001</a>
600 10 - SUBJECT ADDED ENTRY--PERSONAL NAME
Personal name Jusserand, J. J.
Fuller form of name (Jean Jules),
Dates associated with a name 1855-1932.
600 10 - SUBJECT ADDED ENTRY--PERSONAL NAME
Personal name Lodge, Henry Cabot,
Dates associated with a name 1850-1924.
600 10 - SUBJECT ADDED ENTRY--PERSONAL NAME
Personal name Root, Elihu,
Dates associated with a name 1845-1937.
600 10 - SUBJECT ADDED ENTRY--PERSONAL NAME
Personal name Roosevelt, Theodore,
Dates associated with a name 1858-1919.
600 30 - SUBJECT ADDED ENTRY--PERSONAL NAME
Personal name Myers family.
610 10 - SUBJECT ADDED ENTRY--CORPORATE NAME
Corporate name or jurisdiction name as entry element United States.
Subordinate unit Post Office Department.
610 20 - SUBJECT ADDED ENTRY--CORPORATE NAME
Corporate name or jurisdiction name as entry element Republican Party (U.S. : 1854- )
650 #0 - SUBJECT ADDED ENTRY--TOPICAL TERM
Topical term or geographic name entry element Cabinet officers
Geographic subdivision United States.
650 #0 - SUBJECT ADDED ENTRY--TOPICAL TERM
Topical term or geographic name entry element Diplomatic and consular service, American
Geographic subdivision Italy.
650 #0 - SUBJECT ADDED ENTRY--TOPICAL TERM
Topical term or geographic name entry element Diplomatic and consular service, American
Geographic subdivision Russia.
650 #0 - SUBJECT ADDED ENTRY--TOPICAL TERM
Topical term or geographic name entry element Russo-Japanese War, 1904-1905
General subdivision Peace.
651 #0 - SUBJECT ADDED ENTRY--GEOGRAPHIC NAME
Geographic name Italy
General subdivision Foreign relations
Geographic subdivision United States.
651 #0 - SUBJECT ADDED ENTRY--GEOGRAPHIC NAME
Geographic name Japan
General subdivision Foreign relations
Geographic subdivision Russia.
651 #0 - SUBJECT ADDED ENTRY--GEOGRAPHIC NAME
Geographic name Russia
General subdivision Foreign relations
Geographic subdivision Japan.
651 #0 - SUBJECT ADDED ENTRY--GEOGRAPHIC NAME
Geographic name Russia
General subdivision Foreign relations
Geographic subdivision United States.
651 #0 - SUBJECT ADDED ENTRY--GEOGRAPHIC NAME
Geographic name United States
General subdivision Foreign relations
Chronological subdivision 1901-1909.
651 #0 - SUBJECT ADDED ENTRY--GEOGRAPHIC NAME
Geographic name United States
General subdivision Foreign relations
Geographic subdivision Italy.
651 #0 - SUBJECT ADDED ENTRY--GEOGRAPHIC NAME
Geographic name United States
General subdivision Foreign relations
Geographic subdivision Russia.
651 #0 - SUBJECT ADDED ENTRY--GEOGRAPHIC NAME
Geographic name United States
General subdivision Politics and government
Chronological subdivision 1901-1909.
650 #0 - SUBJECT ADDED ENTRY--TOPICAL TERM
Topical term or geographic name entry element Cabinet officers.
600 34 - SUBJECT ADDED ENTRY--PERSONAL NAME
Personal name Meyer family.
656 #7 - INDEX TERM--OCCUPATION
Occupation Cabinet officers.
Source of term itoamc
656 #7 - INDEX TERM--OCCUPATION
Occupation Diplomats.
Source of term itoamc
856 4# - ELECTRONIC LOCATION AND ACCESS
Materials specified Finding aid
Uniform Resource Identifier <a href="http://hdl.loc.gov/loc.mss/eadmss.ms013001">http://hdl.loc.gov/loc.mss/eadmss.ms013001</a>
856 4# - ELECTRONIC LOCATION AND ACCESS
Materials specified Finding aid (PDF)
Uniform Resource Identifier <a href="http://hdl.loc.gov/loc.mss/eadmss.ms013001.3">http://hdl.loc.gov/loc.mss/eadmss.ms013001.3</a>

No items available.

Powered by Koha